| 000 | 00359nam a2200121Ia 4500 | ||
|---|---|---|---|
| 008 | 210430s9999 xx 000 0 und d | ||
| 082 | _a070 D3131 U | ||
| 100 |
_aDefler dennis _953059 |
||
| 245 |
_aUnderstanding Mass communication _cDefler dennis |
||
| 260 |
_aNational book fondation islamabad _bmelvin L. Defleur _c2010 |
||
| 300 | _a635p | ||
| 942 |
_cBK _2ddc |
||
| 999 |
_c563087 _d563087 |
||